Thermal solar desalination : methods and systems (Record no. 81286)

MARC details
000 -LEADER
fixed length control field 01094nam a2200205 a 4500
008 - FIXED-LENGTH DATA ELEMENTS--GENERAL INFORMATION
fixed length control field 211116s2016 ||||||||||||||||| || u
020 ## - INTERNATIONAL STANDARD BOOK NUMBER
International Standard Book Number 9780128096567
050 ## - LIBRARY OF CONGRESS CALL NUMBER
Classification number TD 479.7 Bel
100 ## - MAIN ENTRY--PERSONAL NAME
Personal name Belessiotis, Vassilis
245 10 - TITLE STATEMENT
Title Thermal solar desalination : methods and systems
Statement of responsibility, etc. by Vassilis Belessiotis; Soteris Kalogirou; Emmy Delyannis
260 ## - PUBLICATION, DISTRIBUTION, ETC.
Place of publication, distribution, etc. London
Name of publisher, distributor, etc. Academic Press
Date of publication, distribution, etc. 2016
300 ## - PHYSICAL DESCRIPTION
Extent xiii, 368 pages : illustrations
650 ## - SUBJECT ADDED ENTRY--TOPICAL TERM
Topical term or geographic name entry element SOLAR SALINE WATER CONVERSION PLANTS
650 ## - SUBJECT ADDED ENTRY--TOPICAL TERM
Topical term or geographic name entry element TECHNOLOGY AND ENGINEERING
700 ## - ADDED ENTRY--PERSONAL NAME
Personal name Kalogirou, Soteris
700 ## - ADDED ENTRY--PERSONAL NAME
Personal name Delyannis, Emmy
995 ## -
-- MAIN LIBRARY OPEN ACCESS
-- 751353
-- CBU-MAIN LIBRARY (Kitwe)
-- 91.06
-- TD 479.7 Bel
-- 1
-- AVAILABLE
-- Nov 16, 2021
-- 751353
-- Main Library Open Access Collection
995 ## -
-- MAIN LIBRARY OPEN ACCESS
-- 751355
-- CBU-MAIN LIBRARY (Kitwe)
-- 91.06
-- TD 479.7 Bel
-- 3
-- AVAILABLE
-- Nov 16, 2021
-- 751355
-- Main Library Open Access Collection
995 ## -
-- MAIN LIBRARY OPEN ACCESS
-- 751354
-- CBU-MAIN LIBRARY (Kitwe)
-- 91.06
-- TD 479.7 Bel
-- 2
-- AVAILABLE
-- Nov 16, 2021
-- 751354
-- Main Library Open Access Collection
999 ## -
-- 81286
-- 81286
Holdings
Withdrawn status Lost status Source of classification or shelving scheme Damaged status Not for loan Permanent Location Current Location Shelving location Date acquired Total Checkouts Full call number Barcode Date last seen Copy number Price effective from Koha item type Collection code Source of acquisition
          CBU- LUSAKA CAMPUS CBU- LUSAKA CAMPUS General Stacks 10/07/2024   TD 479.7 Bel 752904 10/07/2024   10/07/2024 MONOGRAPH CBU-Lusaka Campus BOOK AID INTERNATIONAL
          CBU-MAIN LIBRARY, KITWE. CBU-MAIN LIBRARY, KITWE.   08/18/2023   TD 479.7 Bel 751353 08/18/2023 1 08/18/2023 MONOGRAPH    
          CBU-MAIN LIBRARY, KITWE. CBU-MAIN LIBRARY, KITWE.   08/18/2023   TD 479.7 Bel 751355 08/18/2023 2 08/18/2023 MONOGRAPH    
          CBU-MAIN LIBRARY, KITWE. CBU-MAIN LIBRARY, KITWE.   08/18/2023   TD 479.7 Bel 751354 08/18/2023 3 08/18/2023 MONOGRAPH